El estilo Starbucks: cómo crear un hogar fuera del hogar
Uloženo v:
| Hlavní autor: | |
|---|---|
| Médium: | Kniha |
| Jazyk: | španělština |
| Vydáno: |
Barcelona
Deusto
2007
|
| Edice: | Grandes Casos Empresariales
|
| Témata: | |
| Tagy: |
Přidat tag
Žádné tagy, Buďte první, kdo vytvoří štítek k tomuto záznamu!
|
MARC
| LEADER | 00000cam a2200000 a 4500 | ||
|---|---|---|---|
| 001 | UCG1989 | ||
| 003 | CL-VaPUC | ||
| 008 | 100531e20070000SP |||||||||||||||||spa|d | ||
| 020 | |a 8423424766 | ||
| 082 | 0 | 4 | |a 658.402 |b SIM |2 21 |
| 100 | 0 | |a Simmons, John |e author |9 550156 | |
| 245 | 1 | 3 | |a El estilo Starbucks: cómo crear un hogar fuera del hogar |
| 300 | |a 186 p | ||
| 942 | |c BK | ||
| 945 | |d 20100531 00:00:00 |a dcastane | ||
| 260 | |a Barcelona |b Deusto |c 2007 | ||
| 650 | 0 | |a Gestión administrativa |9 375217 | |
| 650 | 7 | |a SOCIOLOGIA INDUSTRIAL |2 CL-VaPUC |9 307184 | |
| 650 | 7 | |a CONDUCTA ORGANIZACIONAL |2 CL-VaPUC |9 263671 | |
| 650 | 0 | |a Marcas comerciales |9 386702 | |
| 650 | 0 | |a Clima organizacional |9 383014 | |
| 583 | |a last modification |c 20151103 11:52:01 |k Rodrigo Vera | ||
| 490 | 0 | |a Grandes Casos Empresariales | |
| 999 | |c 341232 |d 341230 | ||
| 952 | |0 0 |1 0 |4 0 |6 658_402000000000000_SIM_2007 |7 0 |8 A |9 436599 |a BIBCUR |b BIBCUR |d 2019-11-22 |i 468303K |o 658.402 SIM 2007 |p 468303K |r 2025-04-22 |w 2019-11-22 |y BK |k PER | ||
| 952 | |0 0 |1 0 |3 erd |4 0 |6 658_402000000000000_SIM_2007 |7 0 |8 A |9 436600 |a BIBENE |b BIBENE |i 5247446 |l 2 |o 658.402 SIM 2007 |p 5247446 |r 2025-01-15 |s 2024-08-22 |w 2019-11-22 |y BK |z Catalogado en:20151106 |k ICO | ||